| 000 | 00743cam a22002413a 4500 | ||
|---|---|---|---|
| 001 | 27568 | ||
| 003 | PGUSA | ||
| 005 | 20140828083609.0 | ||
| 008 | 081219s2008||||xxu|||||s|||||000 | eng d | ||
| 040 |
_aPGUSA _beng |
||
| 042 | _adc | ||
| 050 | 4 | _aDS | |
| 100 | 1 |
_aMcDougall, Henriette, _d1817-1886 |
|
| 245 | 1 | 0 |
_aSketches of Our Life at Sarawak _h[electronic resource] / _cHenriette McDougall |
| 260 |
_bProject Gutenberg, _c2008 |
||
| 506 | _aPublic domain in the USA. | ||
| 516 | _aElectronic text | ||
| 653 | _aMcDougall, Henriette, 1817-1886 -- Travel -- Malaysia -- Sarawak | ||
| 653 | _aSarawak -- Description and travel | ||
| 830 | 0 |
_aProject Gutenberg _v27568 |
|
| 856 | 4 | 0 | _uhttp://www.gutenberg.org/ebooks/27568 |
| 942 | _cEB | ||
| 999 |
_c256823 _d256823 |
||